[Event "OLNW 1819 SV Werder Bremen II - Hannove"]
[Site "?"]
[Date "2018.12.16"]
[Round "4.4"]
[White "Richter, Christian"]
[Black "Adibekian, Roubik"]
[Result "1-0"]
[WhiteElo "2354"]
[BlackElo "2200"]
[PlyCount "99"]
[EventDate "2018.??.??"]

1. d4 Nf6 2. Nf3 e6 3. c4 b6 4. g3 Bb7 5. Bg2 Be7 6. Nc3 d5 7. Ne5 O-O 8. O-O
Qc8 9. cxd5 Nxd5 10. Nxd5 Bxd5 11. e4 Bb7 12. Qa4 Qe8 13. Qc2 Nc6 14. Nxc6 Qxc6
15. Qb3 Qd7 16. Rd1 Rad8 17. Be3 a5 18. Rac1 Rc8 19. Bf4 a4 20. Qe3 Ba8 21. Qe2
c6 22. Qa6 b5 23. Qa5 Bd6 24. Bxd6 Qxd6 25. Rc5 f6 26. Qc3 e5 27. Bf3 exd4 28.
Rxd4 Qe7 29. a3 Rcd8 30. Rxd8 Rxd8 31. e5 fxe5 32. Rxe5 Qf6 33. Kg2 Rf8 34. Qe3
Qd8 35. Qc5 Qf6 36. Qe3 Qd8 37. Qc5 Qf6 38. Be4 g6 39. h4 Bb7 40. h5 Kg7 41.
hxg6 hxg6 42. Rg5 Rf7 43. Rxg6+ Qxg6 44. Bxg6 Kxg6 45. g4 Kf6 46. f4 Rd7 47.
Kg3 Rd5 48. Qf8+ Ke6 49. Qe8+ Kd6 50. Qb8+ 1-0

[Event "OLNW 1819 SV Werder Bremen II - Hannove"]
[Site "?"]
[Date "2018.12.16"]
[Round "4.5"]
[White "Usachyi, Vladimir"]
[Black "Buchal, Stephan"]
[Result "1-0"]
[WhiteElo "2110"]
[BlackElo "2288"]
[PlyCount "75"]
[EventDate "2018.??.??"]

1. d4 g6 2. c4 Bg7 3. Nc3 d6 4. e4 Nf6 5. Be2 O-O 6. Bg5 Na6 7. Qd2 e5 8. d5
Nc5 9. f3 a5 10. h4 c6 11. h5 cxd5 12. cxd5 Bd7 13. g4 b5 14. Bh6 b4 15. Nd1
Qe7 16. Nh3 Rfb8 17. Bxg7 Kxg7 18. Nhf2 Ng8 19. hxg6 fxg6 20. Ne3 h6 21. O-O-O
a4 22. Rdg1 g5 23. Nh3 Kf8 24. Nf5 Bxf5 25. gxf5 Ra7 26. Nxg5 hxg5 27. Rxg5 Rc7
28. Kb1 Nd7 29. Rh8 Ndf6 30. Rg6 Qf7 31. Qg5 Rbc8 32. Rh1 a3 33. b3 Rc2 34. Bc4
Rb2+ 35. Ka1 Rc7 36. Rh8 Rf2 37. Rxf6 Rf1+ 38. Bxf1 1-0

[Event "OLNW 1819 SV Werder Bremen II - Hannove"]
[Site "?"]
[Date "2018.12.16"]
[Round "4.6"]
[White "Charmeteau, Sven"]
[Black "Kiselev, Alexander"]
[Result "1-0"]
[WhiteElo "2299"]
[BlackElo "2126"]
[PlyCount "59"]
[EventDate "2018.??.??"]

1. e4 d5 2. exd5 Qxd5 3. Nc3 Qd6 4. d4 Nf6 5. Nf3 a6 6. Be3 Nc6 7. Bd3 Bg4 8.
h3 Bh5 9. g4 Bg6 10. Qe2 Bxd3 11. Qxd3 Nb4 12. Qe2 Nbd5 13. Nxd5 Nxd5 14. O-O-O
b5 15. Ne5 e6 16. Qf3 f6 17. Nd3 Qc6 18. Rhe1 O-O-O 19. Bd2 Nb4 20. Qxc6 Nxc6
21. Rxe6 Nxd4 22. Rxa6 Kb7 23. Ra5 c6 24. c3 Ne2+ 25. Kc2 Bd6 26. Be3 g5 27.
Ra7+ Kb8 28. Rf7 Rdf8 29. Rxf8+ Rxf8 30. Nc1 1-0

[Event "OLNW 1819 SV Werder Bremen II - Hannove"]
[Site "?"]
[Date "2018.12.16"]
[Round "4.8"]
[White "Lai Hop, Duong"]
[Black "Sanasi, Marcello"]
[Result "1-0"]
[WhiteElo "2193"]
[BlackElo "1622"]
[PlyCount "91"]
[EventDate "2018.??.??"]

1. d4 d5 2. Bf4 Nf6 3. e3 g6 4. Nf3 Bg7 5. Bd3 O-O 6. Nbd2 c5 7. c3 Nc6 8. dxc5
Nd7 9. Bc2 Nxc5 10. O-O e5 11. Bg3 Bg4 12. h3 Be6 13. b4 Nd7 14. Nb3 Rc8 15.
Qd2 e4 16. Nfd4 Nxd4 17. cxd4 Nb6 18. Na5 Nc4 19. Nxc4 Rxc4 20. Bb3 Rc8 21.
Rac1 Qd7 22. Qb2 Rxc1 23. Rxc1 Rc8 24. Rxc8+ Qxc8 25. Qa3 a6 26. Qa5 b5 27. Qb6
Bf8 28. Bd6 Bg7 29. Qc5 Qb7 30. a4 h5 31. a5 Kh7 32. Qb6 Qc8 33. Bc5 g5 34. Qd6
Qb7 35. Qd8 Kg6 36. Qg8 Qd7 37. Qa8 g4 38. hxg4 Bxg4 39. Qxd5 Qe8 40. Bc2 f5
41. Bb3 f4 42. Qd6+ Kh7 43. Qxf4 Qg6 44. Bc2 Bf5 45. f3 Bh6 46. Qxf5 1-0

[Event "OLNW 1819 SK Union Oldenburg - SV Werde"]
[Site "?"]
[Date "2019.01.20"]
[Round "5.1"]
[White "Grigorian, Spartak"]
[Black "Bredemeier, Dirk"]
[Result "1-0"]
[WhiteElo "2353"]
[BlackElo "2287"]
[PlyCount "83"]
[EventDate "2019.??.??"]

1. d4 Nf6 2. Nf3 e6 3. c4 Bb4+ 4. Nbd2 d6 5. a3 Bxd2+ 6. Qxd2 Nbd7 7. e3 b6 8.
b4 a5 9. Bb2 axb4 10. axb4 Rxa1+ 11. Bxa1 Bb7 12. Be2 O-O 13. O-O h6 14. Rc1
Qa8 15. Bb2 Be4 16. Ne1 Rd8 17. f3 Bg6 18. e4 e5 19. Nd3 exd4 20. Bxd4 c6 21.
Qb2 Re8 22. Bf1 Qb8 23. Qc3 c5 24. Bf2 Qc7 25. Ra1 Ne5 26. Nxe5 Rxe5 27. Ra6
Ne8 28. Bd3 Re6 29. Qa3 Re7 30. Qa4 Qc8 31. Rxb6 cxb4 32. Qxb4 Qd7 33. Qb5 Qc7
34. Rc6 Qd7 35. Ra6 Qc8 36. Qa5 Re5 37. Qa4 Re7 38. c5 d5 39. Ra8 Qe6 40. exd5
Qe5 41. Bxg6 fxg6 42. d6 1-0

[Event "OLNW 1819 SK Union Oldenburg - SV Werde"]
[Site "?"]
[Date "2019.01.20"]
[Round "5.2"]
[White "Mueer, Sebastian"]
[Black "Wachinger, Nikolas"]
[Result "1-0"]
[WhiteElo "2188"]
[BlackElo "2276"]
[PlyCount "67"]
[EventDate "2019.??.??"]

1. d4 Nf6 2. Nf3 g6 3. c4 Bg7 4. Nc3 O-O 5. e4 d6 6. h3 e5 7. d5 Na6 8. Be3 Nc5
9. Nd2 a5 10. g4 Ne8 11. g5 f5 12. h4 b6 13. Qc2 Na6 14. f3 Bh8 15. h5 f4 16.
Bf2 Qxg5 17. hxg6 hxg6 18. O-O-O Qe7 19. Be2 Bf6 20. Rdg1 g5 21. Rg2 Ng7 22.
Qd1 Bd7 23. Rhh2 Be8 24. Rh6 Bh5 25. Qh1 Qe8 26. Nb5 Bg6 27. Bxb6 Bd8 28. Bxc7
Bxc7 29. Rxg5 Rf6 30. Rh8+ Kf7 31. Rxe8 Nxe8 32. Nf1 Bd8 33. Nh2 Kg7 34. Ng4
1-0

[Event "OLNW 1819 SK Union Oldenburg - SV Werde"]
[Site "?"]
[Date "2019.01.20"]
[Round "5.3"]
[White "Fish, Gennadij"]
[Black "Wittje, Berthold"]
[Result "1-0"]
[WhiteElo "2456"]
[BlackElo "2226"]
[PlyCount "67"]
[EventDate "2019.??.??"]

1. d4 Nf6 2. c4 e6 3. Nc3 Bb4 4. e3 O-O 5. Bd3 c5 6. Nf3 d5 7. O-O Nc6 8. a3
Bxc3 9. bxc3 dxc4 10. Bxc4 Qc7 11. Bb2 e5 12. h3 Bf5 13. Qe2 Rfe8 14. Bb5 e4
15. Nd2 a6 16. Bxc6 Qxc6 17. c4 Qa4 18. dxc5 Nd7 19. Bd4 Rac8 20. Rfb1 Nxc5 21.
Bxc5 Rxc5 22. Rxb7 Qc2 23. Rab1 Rd8 24. R1b2 Qa4 25. Qh5 g6 26. Qg5 Qd1+ 27.
Kh2 Rcc8 28. Qf6 Be6 29. Nxe4 Rxc4 30. Rb8 Rcc8 31. Rxc8 Rxc8 32. Qe5 Qc1 33.
Nf6+ Kg7 34. Nd5+ 1-0

[Event "OLNW 1819 SK Union Oldenburg - SV Werde"]
[Site "?"]
[Date "2019.01.20"]
[Round "5.4"]
[White "Meessen, Max"]
[Black "Meins, Gerlef"]
[Result "1/2-1/2"]
[WhiteElo "2206"]
[BlackElo "2409"]
[PlyCount "117"]
[EventDate "2019.??.??"]

1. d4 Nf6 2. c4 e6 3. Nc3 Bb4 4. Qc2 O-O 5. e4 d6 6. Bd3 c5 7. d5 exd5 8. exd5
Nbd7 9. Nge2 Ne5 10. O-O h6 11. h3 Re8 12. Bd2 a6 13. a3 Bxc3 14. Nxc3 b5 15.
cxb5 Nxd3 16. Qxd3 axb5 17. Nxb5 Ba6 18. a4 Ne4 19. Bc3 Qh4 20. Qc4 Qg5 21.
Rfe1 Qf5 22. f3 Nxc3 23. bxc3 Qc2 24. Kh2 h5 25. Rac1 Qd2 26. Rcd1 Bxb5 27.
axb5 Qxe1 28. Rxe1 Rxe1 29. Qh4 Rae8 30. Qxh5 R1e5 31. Qg4 Rxd5 32. Qd7 Rf8 33.
b6 Rd2 34. Qb5 Rb8 35. b7 Kh7 36. Qb6 Re2 37. Qxd6 Ree8 38. Qc7 Kg8 39. c4 g6
40. h4 Kg7 41. g4 Kg8 42. Kg3 Kg7 43. f4 Re3+ 44. Kf2 Rbe8 45. Qxc5 Rb3 46.
Qd4+ Kh7 47. f5 Rxb7 48. fxg6+ fxg6 49. c5 Re6 50. Qd5 Rbe7 51. c6 Rf6+ 52. Kg3
Rc7 53. h5 Rfxc6 54. hxg6+ Rxg6 55. Qh5+ Rh6 56. Qf5+ Rg6 57. Qh5+ Rh6 58. Qf5+
Rg6 59. Qh5+ 1/2-1/2

[Event "OLNW 1819 SK Union Oldenburg - SV Werde"]
[Site "?"]
[Date "2019.01.20"]
[Round "5.5"]
[White "Richter, Christian"]
[Black "Schuette, Marc"]
[Result "1-0"]
[WhiteElo "2357"]
[BlackElo "2079"]
[PlyCount "63"]
[EventDate "2019.??.??"]

1. d4 d5 2. Nf3 Nf6 3. c4 c6 4. e3 e6 5. Nc3 Nbd7 6. Qc2 Be7 7. b3 O-O 8. Bd3
Re8 9. O-O a6 10. Bb2 Nf8 11. Rad1 Ra7 12. Qe2 b5 13. Ne5 Rc7 14. f4 Bb7 15. c5
N6d7 16. b4 f6 17. Nxd7 Rxd7 18. a4 e5 19. axb5 axb5 20. Bf5 Rc7 21. fxe5 fxe5
22. dxe5 g6 23. Bb1 Rd7 24. Ba2 Bg5 25. Ne4 Ne6 26. Nd6 Rxd6 27. exd6 Ng7 28.
e4 Kh8 29. Rf7 Rxe4 30. Qxe4 dxe4 31. Bxg7+ Kg8 32. Re7# 1-0

[Event "OLNW 1819 SK Union Oldenburg - SV Werde"]
[Site "?"]
[Date "2019.01.20"]
[Round "5.6"]
[White "Wagner, Jan"]
[Black "Charmeteau, Sven"]
[Result "1/2-1/2"]
[WhiteElo "2163"]
[BlackElo "2304"]
[PlyCount "103"]
[EventDate "2019.??.??"]

1. Nf3 Nf6 2. c4 c5 3. b3 g6 4. Bb2 Bg7 5. g3 O-O 6. Bg2 Nc6 7. O-O d6 8. Nc3
a6 9. d4 cxd4 10. Nxd4 Bd7 11. Nd5 Nxd5 12. Bxd5 Qb6 13. e3 a5 14. Qd2 a4 15.
Rfb1 axb3 16. Nxb3 Bxb2 17. Rxb2 Ra4 18. Rab1 Qa7 19. Nd4 Na5 20. Rxb7 Nxb7 21.
Rxb7 Rxa2 22. Rxa7 Rxd2 23. Rxd7 Re8 24. Kg2 h6 25. Nc6 Kf8 26. Nd4 Rc8 27. Nc6
e6 28. Bf3 Ke8 29. Re7+ Kf8 30. Rb7 Rc2 31. Rd7 Rxc4 32. Rxd6 Rc7 33. Ne5 Rc2
34. Rd7 Kg7 35. Rxc7 Rxc7 36. h4 Rc3 37. g4 g5 38. hxg5 hxg5 39. Be4 f5 40.
gxf5 exf5 41. Bb1 Rb3 42. Bc2 Rc3 43. Bd1 Kf6 44. Nf3 g4 45. Ng1 Rc1 46. Ba4
Re1 47. Bb5 g3 48. Nf3 gxf2 49. Kxf2 Rb1 50. Be2 Rb4 51. Nd2 f4 52. exf4 {(=)}
1/2-1/2

[Event "OLNW 1819 SK Union Oldenburg - SV Werde"]
[Site "?"]
[Date "2019.01.20"]
[Round "5.7"]
[White "Kardoeus, David"]
[Black "Buerckner, Hartmut"]
[Result "1-0"]
[WhiteElo "2217"]
[BlackElo "2167"]
[PlyCount "79"]
[EventDate "2019.??.??"]

1. e4 g6 2. d4 Bg7 3. Nc3 e6 4. h4 d5 5. exd5 exd5 6. Bg5 f6 7. Bf4 Be6 8. Nb5
Na6 9. Qf3 Ne7 10. h5 O-O 11. hxg6 hxg6 12. Bd3 Qd7 13. a3 Bf5 14. Ne2 Rfe8 15.
O-O-O g5 16. Bd2 Bxd3 17. Qxd3 c6 18. Qh7+ Kf8 19. Nbc3 Qf5 20. Qh5 Qg6 21. Qh3
Nf5 22. g4 Nd6 23. Ng3 Ne4 24. Ncxe4 dxe4 25. Nf5 Rad8 26. Qb3 Qf7 27. Bb4+
Nxb4 28. Qxb4+ Kg8 29. Rh3 Qc7 30. Qb3+ Rd5 31. Rdh1 Qf4+ 32. Kb1 Qxg4 33. Rh8+
Kf7 34. Qxb7+ Kg6 35. Qxg7+ Kxf5 36. Rxe8 Rxd4 37. Qh7+ Kf4 38. Qc7+ Kf5 39.
Re5+ Kf4 40. Rd5+ 1-0

[Event "OLNW 1819 SK Union Oldenburg - SV Werde"]
[Site "?"]
[Date "2019.01.20"]
[Round "5.8"]
[White "Anirudh, Unni"]
[Black "Lai Hop, Duong"]
[Result "0-1"]
[WhiteElo "2045"]
[BlackElo "2195"]
[PlyCount "126"]
[EventDate "2019.??.??"]

1. d4 d5 2. Nf3 Nf6 3. c4 c6 4. Nc3 dxc4 5. a4 Bf5 6. e3 e6 7. Bxc4 Bb4 8. O-O
O-O 9. Qe2 Bg6 10. Rd1 Nbd7 11. Na2 Bd6 12. Nc3 Nb6 13. Bd3 Nbd5 14. Bxg6 hxg6
15. e4 Nxc3 16. bxc3 Be7 17. Rb1 Qc7 18. c4 Rfd8 19. Bg5 Re8 20. e5 Nd7 21.
Bxe7 Rxe7 22. Rb3 Rae8 23. Qe4 Nf8 24. Nh4 Rd7 25. Rh3 Qd8 26. c5 Nh7 27. f4 g5
28. Nf3 g6 29. Rg3 gxf4 30. Qxf4 Qe7 31. Nd2 Red8 32. Ne4 Rxd4 33. Rxd4 Rxd4
34. Nf6+ Nxf6 35. Qxd4 Nd5 36. a5 Qd8 37. Qa1 Nf4 38. Rf3 Qd2 39. Qf1 g5 40. h3
Qd4+ 41. Kh1 Qxe5 42. g3 Nh5 43. Qf2 f5 44. Qe3 Qf6 45. Qc3 Qe7 46. Rd3 Nf6 47.
Qe5 Ne4 48. Qb8+ Kf7 49. Rd8 Nf6 50. Qd6 Ne4 51. Qb8 Nf6 52. Qd6 Ne4 53. Qd4
Qxc5 54. Rd7+ Ke8 55. Rd8+ Ke7 56. Rd7+ Ke8 57. Qxc5 Nxc5 58. Rg7 a6 59. Rxg5
Kf7 60. h4 Ne4 61. Kg2 Nxg5 62. hxg5 Kg6 63. Kf3 e5 0-1

[Event "OLNW 1819 SV Werder Bremen II - HSK Lis"]
[Site "?"]
[Date "2019.02.03"]
[Round "6.1"]
[White "Petkidis, Anthony"]
[Black "Grigorian, Spartak"]
[Result "0-1"]
[WhiteElo "2375"]
[BlackElo "2353"]
[PlyCount "60"]
[EventDate "2019.??.??"]

1. e4 c5 2. Nf3 d6 3. d4 cxd4 4. Nxd4 Nf6 5. Nc3 a6 6. Bg5 e6 7. f4 h6 8. Bh4
Qb6 9. a3 Be7 10. Bf2 Qc7 11. Qe2 Nc6 12. Nb3 b5 13. O-O-O Bb7 14. Kb1 b4 15.
axb4 Nxb4 16. g4 d5 17. Bg3 Nxe4 18. Nxe4 dxe4 19. Bg2 Rc8 20. Bxe4 Bxe4 21.
Qxe4 Qxc2+ 22. Qxc2 Rxc2 23. Nd4 Rg2 24. f5 O-O 25. fxe6 fxe6 26. Rhe1 Bf6 27.
Re2 Rxg3 28. hxg3 Bxd4 29. Rxe6 Rf2 30. Rxd4 Rf1+ 0-1

[Event "OLNW 1819 SV Werder Bremen II - HSK Lis"]
[Site "?"]
[Date "2019.02.03"]
[Round "6.2"]
[White "Werle, Jan"]
[Black "Voege, Tobias"]
[Result "1-0"]
[WhiteElo "2541"]
[BlackElo "2210"]
[PlyCount "55"]
[EventDate "2019.??.??"]

1. d4 d5 2. c4 Nc6 3. Nc3 Nf6 4. Nf3 dxc4 5. e4 Bg4 6. d5 Ne5 7. Bf4 Ng6 8. Be3
e5 9. Bxc4 a6 10. Be2 Bd6 11. Nd2 Bxe2 12. Qxe2 b5 13. O-O O-O 14. a3 Nd7 15.
Rac1 Nf4 16. Qf3 f5 17. exf5 Rxf5 18. Nde4 Qh4 19. Qg3 Qe7 20. Qg4 Raf8 21. g3
h5 22. Qd1 Nf6 23. Nxf6+ R8xf6 24. Kh1 Rg6 25. Qc2 Rfg5 26. Ne4 Rg4 27. f3 Nxd5
28. Qb3 1-0

[Event "OLNW 1819 SV Werder Bremen II - HSK Lis"]
[Site "?"]
[Date "2019.02.03"]
[Round "6.3"]
[White "Buchenau, Frank"]
[Black "Markgraf, Alexander"]
[Result "0-1"]
[WhiteElo "2298"]
[BlackElo "2492"]
[PlyCount "56"]
[EventDate "2019.??.??"]

1. e4 c5 2. Nf3 e6 3. b3 b6 4. Bd3 Bb7 5. O-O d6 6. Bb2 Nc6 7. Re1 Nf6 8. Na3
Be7 9. c3 O-O 10. Rc1 a6 11. Bb1 b5 12. Nc2 Ne5 13. d3 c4 14. Nxe5 dxe5 15. Na3
Qa5 16. b4 Qc7 17. dxc4 bxc4 18. Qe2 Rfc8 19. f3 a5 20. Nc2 axb4 21. Nxb4 h5
22. a3 h4 23. Rcd1 Bc5+ 24. Kf1 Bb6 25. g4 h3 26. Bc1 Qe7 27. Bd2 Nxg4 28. a4
Qc5 0-1

[Event "OLNW 1819 SV Werder Bremen II - HSK Lis"]
[Site "?"]
[Date "2019.02.03"]
[Round "6.4"]
[White "Wachinger, Nikolas"]
[Black "Polster, Christian"]
[Result "1/2-1/2"]
[WhiteElo "2276"]
[BlackElo "2315"]
[PlyCount "97"]
[EventDate "2019.??.??"]

1. e4 c5 2. Nf3 d6 3. Bb5+ Bd7 4. Bxd7+ Qxd7 5. c4 Nf6 6. Nc3 Nc6 7. d4 cxd4 8.
Nxd4 e6 9. O-O Be7 10. Re1 O-O 11. b3 a6 12. a4 Qc7 13. Be3 Rfd8 14. Rc1 Rd7
15. Nd5 exd5 16. cxd5 Nxe4 17. dxc6 bxc6 18. Nxc6 Qb7 19. Na5 Qb8 20. Qd5 Nf6
21. Qc6 Bd8 22. Bd2 h6 23. Bc3 Bxa5 24. Bxa5 Qb7 25. Qxb7 Rxb7 26. b4 Nd5 27.
Re4 Rab8 28. Rd4 Nxb4 29. Rxd6 Na2 30. Rcd1 Rb1 31. g3 Rxd1+ 32. Rxd1 Rb3 33.
Be1 Nc3 34. Bxc3 Rxc3 35. Rd6 Kh7 36. Rxa6 g5 37. Ra8 Kg6 38. a5 Ra3 39. h3 h5
40. a6 h4 41. g4 Kf6 42. a7 Ra1+ 43. Kg2 Ra2 44. Kf3 Ra3+ 45. Ke4 Ra4+ 46. Ke3
Ra3+ 47. Kd4 Ra4+ 48. Kc5 Ra1 49. Kd4 {(=)} 1/2-1/2

[Event "OLNW 1819 SV Werder Bremen II - HSK Lis"]
[Site "?"]
[Date "2019.02.03"]
[Round "6.5"]
[White "Hoerstmann, Rudi"]
[Black "Fish, Gennadij"]
[Result "1/2-1/2"]
[WhiteElo "2223"]
[BlackElo "2456"]
[PlyCount "105"]
[EventDate "2019.??.??"]

1. d4 Nf6 2. c4 e6 3. g3 d5 4. Nf3 c5 5. cxd5 exd5 6. Bg2 Nc6 7. O-O Be7 8. Nc3
Be6 9. dxc5 Bxc5 10. Bg5 O-O 11. Bxf6 Qxf6 12. Nxd5 Qxb2 13. Nc7 Rad8 14. Qc1
Qxc1 15. Raxc1 Bb6 16. Nxe6 fxe6 17. e3 Rd6 18. Ng5 Rf5 19. Bxc6 Rxg5 20. Bxb7
Ra5 21. Rc2 Kf7 22. Bf3 Kf6 23. Kg2 h6 24. h4 Rd3 25. Be2 Rd6 26. Rfc1 Rdd5 27.
Bc4 Rdc5 28. Kf3 Rc7 29. Bb3 Rac5 30. Rxc5 Rxc5 31. Rd1 Rf5+ 32. Ke2 Ke7 33. g4
Rb5 34. Kf3 Rb4 35. Rc1 Kd7 36. Rd1+ Ke7 37. Kg3 a5 38. Rc1 Kd7 39. Rd1+ Ke7
40. Rc1 Kd7 41. Rc3 Bc7+ 42. Kh3 Bd6 43. Rc2 a4 44. Bc4 Ke7 45. f4 Rb1 46. Kg2
Ba3 47. g5 Rb2 48. Rxb2 Bxb2 49. gxh6 gxh6 50. Kf3 e5 51. f5 Kf6 52. e4 a3 53.
Bd5 1/2-1/2

[Event "OLNW 1819 SV Werder Bremen II - HSK Lis"]
[Site "?"]
[Date "2019.02.03"]
[Round "6.6"]
[White "Meins, Gerlef"]
[Black "Hoerstmann, Martin"]
[Result "1-0"]
[WhiteElo "2409"]
[BlackElo "2243"]
[PlyCount "69"]
[EventDate "2019.??.??"]

1. d4 d5 2. c4 c6 3. Nf3 Nf6 4. cxd5 cxd5 5. Nc3 Nc6 6. Bf4 Bf5 7. e3 e6 8. Bb5
Nd7 9. Qb3 Be7 10. O-O O-O 11. Rfc1 Rc8 12. Bxc6 bxc6 13. Qb7 a5 14. Na4 c5 15.
Ne5 Nxe5 16. Bxe5 cxd4 17. Rxc8 Qxc8 18. Qxe7 Qc2 19. Nc5 d3 20. Bd6 Ra8 21.
Qb7 Re8 22. Qc6 Rf8 23. Bxf8 d2 24. h3 h5 25. Bd6 Kh7 26. Qb5 d1=R+ 27. Rxd1
Qxd1+ 28. Qf1 Qc2 29. Qe1 e5 30. Qxa5 d4 31. Bxe5 Qc1+ 32. Kh2 Qxb2 33. Bxd4
Qxf2 34. Qc7 Bg6 35. a4 1-0

[Event "OLNW 1819 SV Werder Bremen II - HSK Lis"]
[Site "?"]
[Date "2019.02.03"]
[Round "6.7"]
[White "Hampel, Felix"]
[Black "Joachim, Sven"]
[Result "1-0"]
[WhiteElo "2237"]
[BlackElo "2387"]
[PlyCount "119"]
[EventDate "2019.??.??"]

1. d4 Nf6 2. c4 g6 3. Nc3 Bg7 4. e4 d6 5. Nf3 O-O 6. h3 c5 7. d5 e6 8. Bd3 exd5
9. exd5 Re8+ 10. Be3 Rxe3+ 11. fxe3 Qe7 12. O-O Nbd7 13. Qd2 Nh5 14. Qf2 Ne5
15. Be2 Nxf3+ 16. Bxf3 Nf6 17. Qh4 Bd7 18. Qf4 Re8 19. Rae1 h5 20. Qh4 Qe5 21.
Bd1 a6 22. Ba4 Bxa4 23. Nxa4 Ne4 24. Nc3 Ng3 25. Rf3 Nf5 26. Qf2 h4 27. Rf4 Qe7
28. Rxf5 gxf5 29. Qxf5 b5 30. cxb5 axb5 31. Nxb5 Bxb2 32. Rf1 Rf8 33. Qg4+ Bg7
34. Kh1 Qxe3 35. Nxd6 Qg3 36. Nf5 Qxg4 37. Ne7+ Kh7 38. hxg4 c4 39. Nc6 Rc8 40.
Rc1 c3 41. a4 Ra8 42. d6 Rxa4 43. d7 Bf6 44. d8=Q Bxd8 45. Nxd8 Kg6 46. Rxc3
Rxg4 47. Kh2 Re4 48. Rf3 f5 49. Nb7 Rd4 50. Nc5 Kf6 51. Kh3 Rc4 52. Nd3 Re4 53.
Nf2 Rd4 54. Kh2 Kg5 55. Nh3+ Kg4 56. Ra3 Rb4 57. Ra8 Rb5 58. Rg8+ Kh5 59. Nf4+
Kh6 60. Rg6+ 1-0

[Event "OLNW 1819 SV Werder Bremen II - HSK Lis"]
[Site "?"]
[Date "2019.02.03"]
[Round "6.8"]
[White "Richter, Christian"]
[Black "Virag, Attila Aba"]
[Result "0-1"]
[WhiteElo "2357"]
[BlackElo "2271"]
[PlyCount "76"]
[EventDate "2019.??.??"]

1. d4 Nf6 2. Nf3 c5 3. d5 e6 4. Nc3 d6 5. e4 a6 6. a4 Be7 7. Bc4 O-O 8. O-O
exd5 9. Nxd5 Nc6 10. Nd2 Rb8 11. Nc3 Be6 12. Bd5 Qc7 13. Nc4 b5 14. axb5 axb5
15. Ne3 Nd4 16. Ne2 Nxd5 17. exd5 Nxe2+ 18. Qxe2 Bd7 19. Bd2 f5 20. f4 Bf6 21.
c3 Rfe8 22. Qf2 Qb7 23. Ra2 Ra8 24. Rfa1 Rxa2 25. Rxa2 b4 26. Ra1 bxc3 27. Bxc3
Bd4 28. Re1 Qb3 29. Qd2 Re4 30. Kh1 Rxf4 31. Nf1 Rf2 32. Qg5 h6 33. Qd8+ Kh7
34. Qxd7 Qxd5 35. Ne3 Qe4 36. Qxd6 Qxe3 37. h3 Re2 38. Rxe2 Qg1# 0-1

[Event "OLNW 1819 MTV Tostedt - SV Werder Breme"]
[Site "?"]
[Date "2019.02.24"]
[Round "7.1"]
[White "Grigorian, Spartak"]
[Black "Izsak, Gyula"]
[Result "1/2-1/2"]
[WhiteElo "2380"]
[BlackElo "2429"]
[PlyCount "167"]
[EventDate "2019.??.??"]

1. d4 d5 2. c4 e6 3. Nc3 Nf6 4. Nf3 Be7 5. Bf4 O-O 6. e3 c6 7. Rc1 Nh5 8. Be5
Nd7 9. Bd3 Nxe5 10. Nxe5 Nf6 11. O-O Nd7 12. Nf3 a6 13. Qc2 g6 14. a3 b5 15. c5
f5 16. Ne5 Nxe5 17. dxe5 g5 18. Ne2 g4 19. f4 Bd7 20. Nd4 Qe8 21. b4 Qh5 22. a4
Rfb8 23. Ra1 Qf7 24. Ra3 Qf8 25. axb5 axb5 26. Rfa1 Rxa3 27. Rxa3 Ra8 28. Qa2
Rxa3 29. Qxa3 Qc8 30. Qa7 Bd8 31. Kf2 h5 32. Nb3 Qc7 33. Qa8 Qc8 34. Qa7 Qc7
35. Qa6 Qc8 36. Qa2 Kf7 37. Nd4 Qb7 38. Ke2 Be7 39. Qa1 Kg8 40. Qa2 Kf7 41. Qa1
Bd8 42. Kd2 Be7 43. h3 Qc8 44. hxg4 hxg4 45. Qa7 Ke8 46. Kc3 Kd8 47. Kb2 Qc7
48. Qa1 Kc8 49. Qh1 Qd8 50. Qh7 Qe8 51. Kb3 Bd8 52. Bc2 Bc7 53. Ne2 Bd8 54. Nd4
Bc7 55. Kc3 Bd8 56. Qh6 Kb7 57. Kd2 Qe7 58. g3 Qe8 59. Qh7 Kc8 60. Bb3 Be7 61.
Bc2 Bd8 62. Bd1 Bc7 63. Qh6 Qg8 64. e4 fxe4 65. Qh4 Qg6 66. Ke3 Kb7 67. Qh8 Qf7
68. Be2 Qg6 69. Bd1 Qf7 70. Bxg4 Qg6 71. Qh3 Qg8 72. Kf2 Qa8 73. Qf1 Qa3 74.
Qb1 Qc3 75. Ne2 Qd2 76. Qe1 Qd3 77. Qc3 Qd1 78. Kg2 Bd8 79. Qd4 Qc2 80. Kf2 Qb1
81. Kg2 Qc2 82. Bh5 Be8 83. Bg4 Be7 84. Kf2 1/2-1/2

[Event "OLNW 1819 MTV Tostedt - SV Werder Breme"]
[Site "?"]
[Date "2019.02.24"]
[Round "7.2"]
[White "Szeberenyi, Adam"]
[Black "Werle, Jan"]
[Result "0-1"]
[WhiteElo "2391"]
[BlackElo "2541"]
[PlyCount "114"]
[EventDate "2019.??.??"]

1. d4 Nf6 2. c4 e6 3. Nf3 c5 4. d5 d6 5. Nc3 exd5 6. cxd5 g6 7. h3 Bg7 8. e4
O-O 9. Bd3 a6 10. a4 Nbd7 11. O-O Nh5 12. Bg5 Bf6 13. Be3 Re8 14. Re1 Ne5 15.
Be2 Nxf3+ 16. Bxf3 Ng7 17. Qd2 Be5 18. Bg5 f6 19. Bf4 b6 20. Bg4 Bxg4 21. hxg4
Ra7 22. Bxe5 fxe5 23. Qh6 Rf8 24. Re3 Ne8 25. Rf1 Nf6 26. f3 c4 27. Ne2 b5 28.
axb5 Qb6 29. Ng3 axb5 30. Kh2 Nd7 31. Re2 Nc5 32. Qe3 Qd8 33. Nh1 Rg7 34. Nf2
h5 35. g5 Rgf7 36. Nh3 Nd3 37. g3 h4 38. gxh4 Rh7 39. Kg3 Rf4 40. Rh2 Rfxh4 41.
Rfh1 Nf4 42. Nf2 Qxg5+ 43. Ng4 Rxh2 44. Rxh2 Rxh2 45. Kxh2 Qh4+ 46. Kg1 Qg3+
47. Kf1 Qg2+ 48. Ke1 Qxg4 49. fxg4 Ng2+ 50. Kd2 Nxe3 51. Kxe3 Kf7 52. g5 Ke7
53. b4 cxb3 54. Kd2 Kd7 55. Kc3 Kc7 56. Kxb3 Kb6 57. Kb4 Ka6 0-1

[Event "OLNW 1819 MTV Tostedt - SV Werder Breme"]
[Site "?"]
[Date "2019.02.24"]
[Round "7.3"]
[White "Markgraf, Alexander"]
[Black "Nedic, Dusan"]
[Result "1-0"]
[WhiteElo "2492"]
[BlackElo "2296"]
[PlyCount "101"]
[EventDate "2019.??.??"]

1. e4 e5 2. Nf3 Nc6 3. Bc4 Bc5 4. d3 Nf6 5. O-O d6 6. c3 a6 7. a4 O-O 8. Bg5 h6
9. Bh4 g5 10. Bg3 Ba7 11. Nbd2 Na5 12. Ba2 Nh5 13. b4 Nxg3 14. hxg3 Nc6 15. Nc4
g4 16. Nh4 Qg5 17. b5 Nb8 18. d4 Nd7 19. Qd3 Nf6 20. b6 Bxb6 21. Nxb6 cxb6 22.
Rfb1 Bd7 23. Rxb6 Bc6 24. d5 Bxa4 25. Nf5 Rfd8 26. Rxb7 Nd7 27. Qe2 Nc5 28. Rb6
Bd7 29. Nxd6 h5 30. Qc4 Na4 31. Rb7 Qf6 32. Nf5 Rac8 33. Qb4 Bxf5 34. Qxa4 Bg6
35. Rc1 h4 36. gxh4 Qxh4 37. Qxa6 g3 38. fxg3 Qxg3 39. Qe2 Rxc3 40. Rxc3 Qxc3
41. Rb3 Qd4+ 42. Qf2 Qd1+ 43. Kh2 Kg7 44. Rh3 Qg4 45. Qe3 Qxe4 46. Qh6+ Kf6 47.
Rf3+ Ke7 48. Qg5+ Kd7 49. Qf6 Qc2 50. d6 Re8 51. Bb3 1-0

[Event "OLNW 1819 MTV Tostedt - SV Werder Breme"]
[Site "?"]
[Date "2019.02.24"]
[Round "7.4"]
[White "Hoegy, Kevin"]
[Black "Wachinger, Nikolas"]
[Result "0-1"]
[WhiteElo "2265"]
[BlackElo "2281"]
[PlyCount "102"]
[EventDate "2019.??.??"]

1. d4 Nf6 2. Nf3 g6 3. c4 Bg7 4. Nc3 O-O 5. e4 d6 6. Be2 e5 7. O-O Nc6 8. dxe5
dxe5 9. Bg5 Nd4 10. Nxe5 Ne6 11. Bh4 Qxd1 12. Raxd1 Nc5 13. f3 c6 14. Nd3 Ne6
15. Bf2 Nd7 16. Rfe1 Nd4 17. Bf1 Rd8 18. e5 Nf8 19. Nc5 Nde6 20. Rxd8 Nxd8 21.
f4 Bf5 22. N5e4 Nd7 23. Nd6 Be6 24. Nce4 h6 25. Bh4 b6 26. Ne8 Kf8 27. Nc7 Rc8
28. Nd6 Rb8 29. Na6 Ra8 30. Nc7 Rb8 31. Bxd8 Rxd8 32. Nxe6+ fxe6 33. Bd3 g5 34.
g3 gxf4 35. gxf4 Ke7 36. Re2 Rf8 37. Rg2 Bxe5 38. fxe5 Nxe5 39. Ne4 Nxd3 40. c5
Nxc5 41. Rg7+ Rf7 42. Rxf7+ Kxf7 43. Nd6+ Ke7 44. Nc8+ Kd7 45. Nxa7 Kc7 46. b4
Kb7 47. bxc5 bxc5 48. Nxc6 Kxc6 49. Kf2 Kb5 50. Ke3 e5 51. Kd3 Kb4 0-1